Central Library OPAC University of Rajshahi

Personality theories : (Record no. 29364)

MARC details
000 -LEADER
fixed length control field 00898pam a2200289 i 4500
001 - CONTROL NUMBER
control field 29364
003 - CONTROL NUMBER IDENTIFIER
rucl marc code BD-RjUL
005 - DATE AND TIME OF LATEST TRANSACTION
control field 20211209051414.0
008 - FIXED-LENGTH DATA ELEMENTS--GENERAL INFORMATION
fixed length control field 140403s1981 nyua b 001 0 eng
020 ## - INTERNATIONAL STANDARD BOOK NUMBER
International Standard Book Number 0070290636
035 ## - SYSTEM CONTROL NUMBER
System control number (BD-RjUL)29449
040 ## - CATALOGING SOURCE
Original cataloging agency DLC
Transcribing agency DLC
Modifying agency DLC
-- BD-RjUL
Language of cataloging eng
041 ## - LANGUAGE CODE
Language code of text/sound track or separate title eng
082 00 - DEWEY DECIMAL CLASSIFICATION NUMBER
Classification number 155.20922
Author mark and year HJP 1981
100 1# - MAIN ENTRY--PERSONAL NAME
Personal name Hjelle, Larry A.
9 (RLIN) 89551
245 10 - TITLE STATEMENT
Title Personality theories :
Remainder of title basic assumptions, research, and applications /
Statement of responsibility, etc. Larry A. Hjelle, Daniel J. Ziegler.
250 ## - EDITION STATEMENT
Edition statement 2d ed.
260 ## - PUBLICATION, DISTRIBUTION, ETC. (IMPRINT)
Place of publication, distribution, etc. New York :
Name of publisher, distributor, etc. McGraw-Hill,
Date of publication, distribution, etc. c1981.
300 ## - PHYSICAL DESCRIPTION
Pagination xviii, 494 p. :
Illustrations ill. ;
Size 25 cm.
490 0# - SERIES STATEMENT
Series statement McGraw-Hill series in psychology
504 ## - BIBLIOGRAPHY, ETC. NOTE
Bibliography, etc Includes bibliographies and indexes.
650 #0 - SUBJECT ADDED ENTRY--TOPICAL TERM
Topical term or geographic name as entry element Personality.
9 (RLIN) 89552
700 1# - ADDED ENTRY--PERSONAL NAME
Personal name Ziegler, Daniel J.,
Relator term joint author.
942 ## - ADDED ENTRY ELEMENTS (KOHA)
Source of classification or shelving scheme Dewey Decimal Classification
Koha item type Books
Holdings
Lost status Source of classification or shelving scheme Damaged status Not for loan Collection code Permanent Location Current Location Shelving location Date acquired Source of acquisition Cost, normal purchase price Total Checkouts Full call number Date last seen Copy number Koha item type
  Dewey Decimal Classification     Non-fiction Central Library, University of Rajshahi Central Library, University of Rajshahi   27/08/2008 Ru Administrator 0.00   155.20922 HJP 1981 03/04/2014 C-4 Books
  Dewey Decimal Classification     Non-fiction Central Library, University of Rajshahi Central Library, University of Rajshahi   27/08/2008 Ru Administrator 0.00   155.20922 HJP 1981 03/04/2014 C-5 Books